|
|
|
|
| LEADER |
00000cam a2200000 a 4500 |
| 001 |
vtls001182052 |
| 003 |
SK-MaSNL |
| 005 |
20260331203050.0 |
| 008 |
250313s1936 xxuoc g 000 0 slo |
| 015 |
|
|
|a SNBA1936
|
| 020 |
|
|
|q (brožované)
|
| 035 |
|
|
|a SNK000125064
|
| 035 |
|
|
|a urn:nbn:sk:snk-am3hk9c
|
| 035 |
|
|
|a 31DD3639-DE13-48E7-BD90-951D8E0F07C2
|
| 035 |
|
|
|a urn:nbn:sk:snk-am00d3c6
|
| 040 |
|
|
|a SNK
|b slo
|c SNK
|e AACR2
|
| 041 |
0 |
|
|a slo
|
| 043 |
|
|
|a n-us-pa
|
| 044 |
|
|
|a xxu
|c US
|
| 072 |
|
7 |
|a 323
|x Vnútropolitický vývoj, politický život
|2 konspekt
|
| 080 |
|
|
|a 323.15
|2 2011
|
| 080 |
|
|
|a (=162.4)
|2 2011
|
| 080 |
|
|
|a (734.827.4)
|2 2011
|
| 080 |
|
|
|a (041)
|2 2011
|
| 100 |
1 |
|
|a Mereš, C. M.
|4 com
|9 443231
|
| 245 |
1 |
0 |
|a Úryvky z dejín Slovákov z oblasti Braddockskej z príležitosti zájazdu poslancov Matice Slovenskej do Braddock 15. a 16 marca 1936
|c zostavil C.M. Mereš
|
| 260 |
|
|
|a Pittsburgh
|b Slavia Printing Co.
|c 1936
|
| 300 |
|
|
|a 68 strán
|b fotografie, portréty
|c 23 cm
|
| 610 |
2 |
7 |
|a Matica slovenská
|2 SNKKA
|9 14662
|
| 650 |
0 |
7 |
|a Slováci v zahraničí
|2 SNKPH
|9 14695
|
| 651 |
|
7 |
|a Pittsburgh (Pa.)
|2 SNKPHgeo
|9 163032
|
| 655 |
|
7 |
|a brožúry
|2 SNKPH
|9 70146
|
| 852 |
|
|
|a Slovenská národná knižnica
|
| 954 |
|
|
|a odborná, vedecká literatúra cudzojazyčná (svetová)
|2 lita
|
| 958 |
|
|
|a SK
|
| 958 |
|
|
|a OND
|
| 999 |
|
|
|c 698155
|d 700085
|
| 952 |
|
|
|a SNK
|b SNK
|y VYP
|7 0
|p 17A1546175
|o snkSC 2664/17 D1
|i snkF 1715/65
|8 5
|0 0
|1 0
|4 0
|d 2024-04-03
|l 1
|r 2026-04-16 12:02:39
|s 2026-04-10
|w 2026-02-23
|
| 952 |
|
|
|a SNK
|b SNK
|y VYP
|7 0
|p 17A1546176
|o snkSC 2664/17 D2
|i snkV 1555/95
|8 2
|0 0
|1 0
|4 0
|d 2024-04-03
|l 0
|r 2026-02-23 20:48:20
|w 2026-02-23
|
| 952 |
|
|
|a SNK
|b SNK
|y PREZ
|7 0
|p 17A0753454
|o snkSC 2664/17
|i snk1561/39
|0 0
|1 0
|4 0
|d 2018-06-22
|f 1
|l 0
|r 2025-06-17 00:00:00
|w 2026-02-23
|